Multiple Choice City Quiz - Sofia - Statistics

General Stats
  • This quiz has been taken 38 times
  • The average score is 8 of 10
Answer Stats
Question Answer % Correct
Which Country is Sofia the Capital of? Bulgaria
100%
Which of these football clubs is from Sofia? CSKA
93%
What food is traditionally eaten for breakfast in Sofia? Banitsa
83%
Which of these natural features is Sofia known for? Hot springs
80%
Which of these economic sectors has seen the most development in recent years in Sofia? IT
80%
What was Sofia's original Thracian name? Serdica
80%
Which of these artists studied in Sofia? Vladimir Dimitrov
77%
Which of these pictures shows Sofia?
73%
Which Saint is the Cathedral in the thumbnail named after? Saint Alexander Nevsky
73%
Which Ottoman Eyalet was Sofia the Capital of? Rumelia
53%
No matching quizzes found
Score Distribution
Percent of People with Each Score
Percentile by Number Answered
Your Score History
You have not taken this quiz